Encyclopedia of American History (Record no. 5151)

MARC details
000 -LEADER
fixed length control field 00492cam a2200193ua 4500
001 - CONTROL NUMBER
control field 6002
005 - DATE AND TIME OF LATEST TRANSACTION
control field 20260515113951.0
008 - FIXED-LENGTH DATA ELEMENTS--GENERAL INFORMATION
fixed length control field 131030n ii |||gr||||Z||||||eng
040 ## - CATALOGING SOURCE
Transcribing agency MAIN
082 ## - DEWEY DECIMAL CLASSIFICATION NUMBER
Classification number 973.03
100 ## - MAIN ENTRY--PERSONAL NAME
Personal name Morris,Richard M,
Relator term Editor.
245 ## - TITLE STATEMENT
Title Encyclopedia of American History
250 ## - EDITION STATEMENT
Edition statement 1st Indian Reprint.
260 ## - PUBLICATION, DISTRIBUTION, ETC.
Place of publication, distribution, etc. Delhi:
Name of publisher, distributor, etc. Universal Book Stall,
Date of publication, distribution, etc. 1965.
300 ## - PHYSICAL DESCRIPTION
Extent xi,809p.
653 ## - INDEX TERM--UNCONTROLLED
Uncontrolled term History
653 ## - INDEX TERM--UNCONTROLLED
Uncontrolled term Encyclopedia of American History
942 ## - ADDED ENTRY ELEMENTS (KOHA)
Koha item type Books
Holdings
Withdrawn status Lost status Damaged status Not for loan Home library Current library Shelving location Date acquired Total checkouts Full call number Barcode Date last seen Copy number Price effective from Koha item type
        Naharkatiya College Library Naharkatiya College Library General stacks 09/19/2020   973.03 | MOR 3992 09/19/2020 2 09/19/2020 Books
        Naharkatiya College Library Naharkatiya College Library General stacks 09/19/2020   973.03 | MOR 4209 09/19/2020 1 09/19/2020 Books